As you think eth

Bibliographic Details
Main Author: Powell, Tag
Format: Book
Published: Kuala Lumpur : Golden Books Centre , 1977
Subjects:

MARC

LEADER 00000cam a2200000 7i4500
001 0000004488
002 000004832
005 .0
020 |a 9837200316 
090 0 0 |a 153.42   |b POW 
100 1 |a Powell, Tag   |f Dr 
245 1 0 |a As you think eth   |c revised and up dated by Dr.TagPowell 
260 |a Kuala Lumpur :   |b Golden Books Centre ,   |c 1977 
300 |a 103p. ;   |c 19cm. 
650 0 0 |a Thought and thinking 
999 |a 033275   |b BUKU   |c PINJAMAN   |e PERPUSTAKAAN KOMUNITI PETALING JAYA